| 000 | 00847cam a2200265 a 4500 | ||
|---|---|---|---|
| 008 | |||
| 020 | _a0750620943 (pbk.) | ||
| 049 | _aMAIN | ||
| 090 |
_aTK9956 _bMON |
||
| 100 | 1 | _aMoney, Steve | |
| 245 | 1 | 0 |
_aNewnes radio amateur and listener's data handbook / _cSteve Money. |
| 246 | 3 | 0 | _aRadio amateur and listener's data handbook |
| 246 | 1 | 4 | _aNewnes radio amateur & listener's data handbook |
| 246 | 3 | 0 | _aRadio amateur & listener's data handbook |
| 260 |
_aOxford : _bNewnes, _c1995. |
||
| 300 |
_aviii, 317 p. : _bill. ; _c24 cm. |
||
| 504 | _aIncludes bibliographical references. | ||
| 500 | _aIncludes index. | ||
| 650 | 0 |
_aRadio _vAmateurs' manuals. |
|
| 907 |
_a.b10064230 _b11-03-10 _c17-04-03 |
||
| 003 | |||
| 005 | 20230123133957.0 | ||
| 040 | _cNUST | ||
| 942 |
_cBOOKS _kTK9956 _mMON |
||
| 999 |
_c157890 _d157890 |
||